LEADER 00799nam0-22002891i-450- 001 990000845560403321 005 20001010 035 $a000084556 035 $aFED01000084556 035 $a(Aleph)000084556FED01 035 $a000084556 100 $a20001010d--------km-y0itay50------ba 101 0 $aita 105 $ay-------001yy 200 1 $aMovimento dell 'elettrone nel vuoto$fV. Banfi 210 $aTorino$cLibreria Editrice Universitari a Levrotto e Bella$d1967. 215 $a131 p.$d24 cm 676 $a539.721 700 1$aBanfi,$bVittorio$041584 801 0$aIT$bUNINA$gRICA$2UNIMARC 901 $aBK 912 $a990000845560403321 952 $a02 8 F 32$b5419$fFINBN 959 $aFINBN 996 $aMovimento dell 'elettrone nel vuoto$9349020 997 $aUNINA DB $aING01 LEADER 01358nam 2200457 450 001 9910145947103321 005 20030731000000.0 010 $a88-222-5236-5 035 $a(CKB)1000000000279048 035 $a(ItFiC)it 02252071 035 $a(EXLCZ)991000000000279048 100 $a20060828d2003 uy 0 101 0 $aita 200 12$aL'orazione proibita $ecensura ecclesiastica e letteratura devozionale nella prima età moderna /$fGiorgio Caravale 210 $aFirenze $cL. S. Olschki$d2003 215 $axi, 233 p 225 0$aBiblioteca della Rivista di storia e letteratura religiosa.$pStudi ;$v17 300 $aRevised thesis. 320 $aIncludes bibliographical references. 517 $aOrazione proibita 517 $aL'orazione proibita 606 $aCensorship$zItaly$xHistory 606 $aInquisition$zItaly$vEarly works to 1800 606 $aDevotional literature, Italian 615 0$aCensorship$xHistory. 615 0$aInquisition 615 0$aDevotional literature, Italian. 676 $a261 676 $a242 676 $a282 676 $a303 676 $a870 676 $a850 676 $a945 700 $aCaravale$b Giorgio$0292286 801 0$bItFiC 801 1$bItFiC 906 $aBOOK 912 $a9910145947103321 996 $aL'orazione proibita$92427012 997 $aUNINA